000 00588nam a2200205Ii 4500
003 JO-AjNU
008 230606s9999||||xx |||||||||||||| ||und||
020 _a978-81-7476-273-3
040 _aJO-AjNU
_beng
_erda
_cJO-AjNU
041 _aeng
050 1 4 _aPZ4.G63 2007
100 3 _aGolding, William ,
_eauthor
_92605
245 0 0 _aLord of the flies
264 3 1 _aLondon :UBSPD,2007
300 _a268P
336 _atext
_btxt
_2rdacontent
337 _aunmediated
_bn
_2rdamedia
338 _avolume
_bnc
_2rdacarrier
650 4 _a Golding , William 1911 -- Lord of the flies 
_92606
999 _aE1362
_c1362
_d1362